000 01237nam a22003017a 4500
999 _c64996
_d64996
005 20240530110801.0
008 190211s2018 ua a g b 000 0 ara d
017 _bمصر. دار الكتب
_a2018/7851
020 _a9789770486559
040 _aEG-CaGPL
_cEG-CaGPL
082 0 4 _221
_a920.72
_bق/ ر ت
100 0 _aرحاب احمد ابراهيم احمد
245 1 2 _aالتعليم وكفاح الرائدات المصريات :
_bقراءة لسيرتهن الذاتية /
_cرحاب احمد ابراهيم احمد ؛ تقديم نادية جمال الدين
250 _aط.1
260 _aالقاهرة :
_bدار النهضة العربية،
_c2018 .
300 _a390 ص. ؛
_c24 سم.
504 _aيشتمل على ارجاعات ببلوجرافية
600 0 _aقاسم امين
600 0 _aهدى شعراوى
600 0 _aنبوية موسى
600 0 _aملك حفنى
650 0 7 _aالمرأة المصرية
_2qrmak
650 0 7 _aالمراة فى السياسة
651 0 7 _2qrmak
_aمصر
_xالاحوال الاجتماعية
_yعصر محمد على
700 0 _aنادية جمال الدين
_eمقدم
942 _2ddc
_cBK